Lorraine Daston, Contre-nature, Traduit de l’anglais par Sylvie Kleiman-Lafon. Éditions Markus Haller, 2024, 116 pages, 15 € (notice n° 1618337)

détails MARC
000 -LEADER
fixed length control field 00881cam a2200157 4500500
005 - DATE AND TIME OF LATEST TRANSACTION
control field 20260111085609.0
041 ## - LANGUAGE CODE
Language code of text/sound track or separate title fre
042 ## - AUTHENTICATION CODE
Authentication code dc
100 10 - MAIN ENTRY--PERSONAL NAME
Personal name Ribereau-Gayon, Philippe
Relator term author
245 00 - TITLE STATEMENT
Title Lorraine Daston, Contre-nature, Traduit de l’anglais par Sylvie Kleiman-Lafon. Éditions Markus Haller, 2024, 116 pages, 15 €
260 ## - PUBLICATION, DISTRIBUTION, ETC.
Date of publication, distribution, etc. 2024.<br/>
500 ## - GENERAL NOTE
General note 88
520 ## - SUMMARY, ETC.
Summary, etc. La Fondation Barbier-Mueller, à Genève, met à l’honneur le peuple méconnu des Chepang par une exposition de photographies, complétée par la présentation de magnifiques objets ethniques en provenance du Sud-Himalaya. Le livre Cent ans d’art en Chine, de Christophe Comentale, offre un intéressant comparatif.
786 0# - DATA SOURCE ENTRY
Note Études | Mars | 3 | 2024-02-28 | p. 125r-144r | 0014-1941
856 41 - ELECTRONIC LOCATION AND ACCESS
Uniform Resource Identifier <a href="https://shs.cairn.info/revue-etudes-2024-3-page-125r?lang=fr&redirect-ssocas=7080">https://shs.cairn.info/revue-etudes-2024-3-page-125r?lang=fr&redirect-ssocas=7080</a>

Pas d'exemplaire disponible.

PLUDOC

PLUDOC est la plateforme unique et centralisée de gestion des bibliothèques physiques et numériques de Guinée administré par le CEDUST. Elle est la plus grande base de données de ressources documentaires pour les Étudiants, Enseignants chercheurs et Chercheurs de Guinée.

Adresse

627 919 101/664 919 101

25 boulevard du commerce
Kaloum, Conakry, Guinée

Réseaux sociaux

Powered by Netsen Group @ 2025